000 01457nam a22003617a 4500
003 CHAP
005 20220817044224.0
008 080807d2007 mx r 00110 spa d
010 _a95011
011 _a95983
035 _a106620
040 _cCHAP
090 _aTesis
100 1 _aCruz Anastacio, Adelaido de la
_929289
245 1 0 _aIdentificación de oportunidades de mercado para productores de jamaica (Hibiscus sabdariffa L.) del Distrito de Jamiltepec Oaxaca
_c/por Adelaido De la Cruz Anastacio
260 _aOaxaca, Oax. :
_bEl autor,
_c2007
300 _aiv, 78 h. :
_bgráfs. ; cuadros
502 _aTesis (Ing. Agr. Esp. en Zonas Tropicales) -- UACH. Dirección de Centros Regionales Universitarios. Orientación Terminal en Agrícultura Sustetable
590 _aALEPH
_b10
_c20130110
_lUCH01
_h1523
590 _aBATCH-UPD
_b10
_c20130110
_lUCH01
_h0406
590 _aBATCH-UPD
_b10
_c20130110
_lUCH01
_h2002
590 _aBATCH-UPD
_b10
_c20130410
_lUCH01
_h0040
590 _aBATCH-UPD
_b10
_c20130914
_lUCH01
_h1105
590 _aCONVERSION
_b10
_c20130109
_lUCH01
_h1353
650 1 4 _aJamaica
_xMercadeo.
650 1 4 _aJamaica
_xRendimiento.
_961001
650 1 4 _aJamaica
_zOaxaca.
_961005
650 1 4 _aOrganización de productores.
_983544
901 _aBK
942 _cFOLL
949 _aTesis
_bBC
_cTES
_d33724002051926
_eTS2
_fc.2
_gDonaciØn
_h47754
_i106620
_si
949 _aTesis
_bBC
_cTES
_d33724002057223
_eTS1
_gDonaciØn
_h47753
_i106620
_sb
999 _c95011
_d95011